| 000 | 01190nam a2200265Ia 4500 | ||
|---|---|---|---|
| 001 | 17694 | ||
| 003 | GE_BSU | ||
| 008 | 181216s||||||||xx |||||||||||||| ||und|| | ||
| 020 | _a9789941459290 | ||
| 040 | _cGE_BSU | ||
| 080 | _a339.188.4+656+658 | ||
| 100 | _aსვანაძე,მურთაზ.,ლოსაბერიძე,გელა., კბილაშვილი,დავით | ||
| 245 | _aლოგისტიკა | ||
| 245 | _bდამხმ.სახ-ლო | ||
| 245 | _cრედ.ზაზა.ჩხარტიშვილი | ||
| 260 | _aქუთაისი | ||
| 260 | _bაკაკი წერეთლის სახ. უნ-ტი | ||
| 260 | _c2015 | ||
| 300 | _a354გვ.20სმ. | ||
| 300 | _eბიბლიოგრ.: გვ. 350. სქემები,ცხრ. | ||
| 653 | _aგანაწილების ლოგისტიკა, მარაგების ლოგისტიკა და ა.შ. | ||
| 653 | _aლოგისტიკა | ||
| 653 | _aშესყიდვების ლოგისტიკა, საწარმო პროცესების ლოგისტიკა, | ||
| 942 | _cBK | ||
| 999 |
_c50742 _d50742 |
||